Oliver Stone Movies Quiz Stats

 Plays Quiz Updated Sep 15, 2018

Score 0/20 Timer 05:00
3 Plays Today
Year Movie Title % Correct
1986Platoon
87.7%
1991JFK
86.9%
2008W.
67.8%
1989Born on the Fourth of July
66.4%
1994Natural Born Killers
63.8%
1987Wall Street
56.7%
1995Nixon
48.2%
2006World Trade Center
38.2%
1999Any Given Sunday
36.9%
1986Salvador
34.8%
Year Movie Title % Correct
2010Wall Street: Money Never Sleeps
33.3%
1991The Doors
33%
2004Alexander
31.4%
1997U Turn
30.2%
2016Snowden
27.4%
1993Heaven & Earth
27.2%
2012Savages
25.9%
1988Talk Radio
23.8%
1981The Hand
20.9%
1974Seizure
12.2%

You're not logged in!

Compare scores with friends on all Sporcle quizzes.
OR
Log In

Sporcle TV

Today on Sporcle TV


Watch our educational content, quiz creation guides, and fun videos on Sporcle TV.

Show Comments

Extras

Top Quizzes Today


Score Distribution

Your Account Isn't Verified!

In order to create a playlist on Sporcle, you need to verify the email address you used during registration. Go to your Sporcle Settings to finish the process.

Report this User

Report this user for behavior that violates our Community Guidelines.

Details: